Obálka Náhled e-knihy:
Epub
Pro půjčování e-knih musíte být přihlášeni.
Jak si půjčit online?

Taste: Chuť mého života /

Některé životy se vyprávějí přes události. Tenhle přes jídlo. Jak chutná dětství v italské rodině, herecká kariéra v Hollywoodu, láska, ztráta i radost z obyčejného jídla? Stanley Tucci, herec známý z filmů Ďábel nosí Pradu, Hunger Games nebo Konkláve, napsal memoáry, které jsou stejně vtipné, elega...

Celý popis

Uloženo v:
Hlavní autor: Tucci, Stanley (Autor)
Médium: E-kniha
Jazyk:Czech
Vydáno: Praha : Nakladatelství KAZDA, s.r.o., 2026
Tagy:
Žádné tagy
LEADER 01607nam a22002297i 4500
001 299206
007 ta
008 260425s2026 xr ||||| |||| 00| 0 cze d
020 |a 9788076702950 
044 |a xr 
100 1 |a  Tucci, Stanley  |4 aut 
245 1 0 |a Taste: Chuť mého života /  |c  Tucci, Stanley 
240 1 0 |a Taste: My Life Through Food 
264 1 |a Praha :  |b Nakladatelství KAZDA, s.r.o.,  |c 2026 
300 |a 1 online zdroj (312 stran) 
336 |a text  |b txt  |2 rdacontent 
337 |a bez média  |b n  |2 rdamedia 
338 |a online zdroj  |b cr  |2 rdacarrier 
520 2 |a Některé životy se vyprávějí přes události. Tenhle přes jídlo. Jak chutná dětství v italské rodině, herecká kariéra v Hollywoodu, láska, ztráta i radost z obyčejného jídla? Stanley Tucci, herec známý z filmů Ďábel nosí Pradu, Hunger Games nebo Konkláve, napsal memoáry, které jsou stejně vtipné, elegantní a podmanivé jako on sám. S typickým humorem a nadhledem vypráví o rodině, vaření, filmech i chvílích, kdy jídlo nebylo jen potěšením, ale i způsobem, jak si udržet blízkost, paměť a chuť do života. Kniha, kterou si vychutnáte jako skvělé jídlo – a která ve vás zůstane ještě dlouho po dočtení. 
910 |a RBIT002 
998 |d 426413  |a https://core.palmknihy.cz/api/books/426413/cover?tdzhyw  |b https://core.palmknihy.cz/api/books/426413/cover/400?tdzhyw  |c https://core.palmknihy.cz/api/books/426413/cover/50?tdzhyw  |e   |g 312  |i 9788076702950  |j https://core.palmknihy.cz/api/books/426413/preview.epub  |l   |q 49  |r 1  |s https://www.palmknihy.cz/kniha/426413  |t ebook  |y 2026  |z 1 
999 |d 299204